| 000 | 00509nam a2200193Ia 4500 | ||
|---|---|---|---|
| 008 | 220216s9999 xx 000 0 und d | ||
| 100 | _aAkaji H | ||
| 245 | 0 | _aGenetic diagnosis of cytoplasmic male sterile cybrid plants of rice | |
| 260 |
_bTheoretical and Applied Genetics _c1995 |
||
| 300 | _a948-951 | ||
| 650 | _aCytopalsmic male sterility | ||
| 650 | _aOryza sativa L | ||
| 650 | _aPCR | ||
| 700 | _aFujimura T | ||
| 700 | _aNakamura A | ||
| 700 | _aOka M | ||
| 700 | _aSawada R | ||
| 942 | _cJS | ||
| 999 |
_c59791 _d59791 |
||